000
00203 a2200097 4500
001
56282
100
_a
245
_a
Mechatronics
260
_a
New Delhi
_b
Tata McGraw HILL
_c
2004
090
_c
34800
_d
34800
942
_a
NUST-CAE
_c
_c
27559
999
_c
291355
_d
291355